000 00327 a2200145 4500
001 48830
040 _cAnchieta - Bela Vista
100 _aCedraz, Antônio
240 1 0 _aHistórias da Bahia
_lpor
245 1 0 _aHistórias da Bahia
300 _a28
362 0 _a2013
650 4 _aLiteratura infantil em inglês
942 _cBK
999 _c48830
_d48830